000 00690nas a2200241 4500
001 BR0104135
003 BR-BrBNA
005 20231205102413.0
007 ta
008 230509b bl.|||p| |||| 00| 00por d
040 _aBR-BrBNA
_bpor
_cBiblioteca Nacional de Agricultura
041 _a(Pt)
072 _aF30; H20
100 1 _aFungaro, M.H.P.
245 1 _aPCR na micologia
650 _aFungo
650 _aMicologia
650 _aMetarhizium Anisopliae
650 _aPolimorfismo
773 0 _tBiotecnologia Ciencia e Desenvolvimento (Brazil)
_xISSN 1414-4522
_g(May-Jun 2000), v. 3(14) p. 12-16
_wBR0104135
909 _a202311
_bLúcia
_c55
_dLúcia Elande
942 _2AGRIS
_n0
_cANA
999 _c167401
_d167401